00555nam a2200193Ia 450000500170000000800410001702000180005804000190007604100120009508200190010724500460012626000240017230000120019650400400020865000190024865100630026770000210033085000100035120221213092012.0131103s9999 xx 000 0 und d aSBN 571084257 aLoreto College aEnglish a821.9108 bHUN aModern poetsb one cedited by Jim Hunter aLondonbFaberc1968 a132 p.  aIncludes bibliographical references aEnglish Poetry a20th Century - Poets - 20th Century - Poems - Collections aHunter, Jim, ed. aLCLIB